| 000 | 00473nam a22001817a 4500 | ||
|---|---|---|---|
| 005 | 20260515114938.0 | ||
| 008 | 230125b ||||| |||| 00| 0 eng d | ||
| 020 | _a9789355011015 | ||
| 040 |
_aIN-DiNC _cIN-DiNC |
||
| 041 | _deng | ||
| 082 |
_a338.5 _bAHU |
||
| 100 |
_aAhuja, H L _eauthor |
||
| 245 |
_aModern Microeconomics _cby H L Ahuja |
||
| 250 | _a19th rep ed. | ||
| 260 |
_aNew Delhi: _bS Chand and Company Limited, _c2021. |
||
| 300 | _a957p. | ||
| 942 |
_2ddc _cBK |
||
| 999 |
_c11463 _d11463 |
||